|
|
|
|
| LEADER |
01322nam a22003738a 4500 |
| 001 |
000015748 |
| 003 |
12131 |
| 005 |
20120604090649.0 |
| 008 |
120604s1998 b 000 0 od |
| 020 |
|
|
|c 15000đ
|
| 041 |
0 |
|
|a 9502
|
| 041 |
0 |
|
|a Eng
|
| 080 |
|
|
|a 4(N523)(075)
|
| 082 |
|
|
|a 428
|b Eng
|
| 084 |
|
|
|a V143.21-99
|b 10001
|
| 100 |
1 |
|
|a Srinivasan, S.
|
| 240 |
0 |
|
|a 151 English essays
|
| 245 |
1 |
0 |
|a 151=Một trăm năm mươi mốt bài luận tiếng Anh
|b Lịch sử, khoa học, thương mại, chính trị, lịch sử, kinh tế, phong tục ngôn ngữ
|c S. Srinivasan ; Biên soạn: B.A. Sharker ; Ninh Hùng dịch và chú giải
|
| 260 |
|
|
|a Tp. Hồ Chí Minh
|b Nxb Tp. Hồ Chí Minh
|c 1998
|
| 300 |
|
|
|a 326tr
|c 21cm
|
| 490 |
|
|
|a Tiếng Anh thực hành
|
| 653 |
|
|
|a Ngôn ngữ
|
| 653 |
|
|
|a tiếng Anh
|
| 700 |
1 |
|
|a Ninh Hùng
|e Dịch
|
| OWN |
|
|
|a LSP
|
| AVA |
|
|
|a UDN50
|b LSP
|d 428 Eng
|e available
|t Error 5001 Not defined in file expand_doc_bib_avail.
|f 2
|g 0
|h N
|i 0
|k 1
|
| 999 |
|
|
|a From the UDN01
|
| AVA |
|
|
|a UDN50
|b LSP
|d 428 Eng
|e available
|t Error 5001 Not defined in file expand_doc_bib_avail.
|f 2
|g 0
|h N
|i 0
|k 1
|
| TYP |
|
|
|a Monograph
|
| TYP |
|
|
|a Printed language
|
| 980 |
|
|
|a Mạng thư viện Đại học Đà Nẵng
|